| 000 | 00515nam a22001337a 4500 | ||
|---|---|---|---|
| 040 | _cNUST | ||
| 082 | _a220 PRO | ||
| 100 |
_aAhmed Annas Ahmad Abdullah Mir Muhammad Talha Siddique Mir Hamza Fazal _985582 |
||
| 110 |
_aProject Supervisor Dr. Rashid Naseer _985583 |
||
| 245 | _aPR-SOF-2039-Design and Development of Low-Cost Cartesian Coordinate-Based Robotic Dispensing System for Biomedical Applications | ||
| 260 |
_aISLAMABAD: _bNUST COLLEGE OF EME, _c2021. |
||
| 650 |
_aDE-MECH-39 _985584 |
||
| 942 |
_2ddc _cPR |
||
| 999 |
_c587021 _d587021 |
||